000 01763nam0a2200325 i 4500
001 RU\NLR\BIBL_A\011450939
005 20240921142626.0
010 _a9785906888518
_9100
021 _aRU
_b2017-45057
_93256
035 _a(RuMoRGB)008918807
035 _a(NLR Aleph) 011450939
090 _a11752331
_c11752331
100 _a20170808d2017 um y0rusy50 ca
101 0 _arus
102 _aRU
105 _aa|||z|||000zy
200 1 _aТехнология обогащения полезных ископаемых
_eучебное пособие
_e[для студентов специальности 21.05.04 "Горное дело"]
_fМ. С. Клейн, Т. Е. Вахонина
_gМинистерство образования и науки Российской Федерации, Федеральное государственное бюджетное образовательное учреждение высшего образования "Кузбасский государственный технический университет им. Т. Ф. Горбачева"
210 _aКемерово
_cКузГТУ
_d2017
215 _a192 с.
_cил., табл.
_d20
313 _aКаменный уголь
320 _aБиблиогр.: с. 191-192 (24 назв.)
606 1 _aКаменный уголь
_jУчебные издания для высших учебных заведений
_xОбогащение
_91423744
_3RU\NLR\AUTH\66289778
686 _aИ41,1я73-1
_2rubbk
686 1 _aИ41,1я73-1
700 1 _aКлейн
_bМ. С.
_gМихаил Симхович
701 1 _aВахонина
_bТ. Е.
_gТатьяна Евгеньевна
942 _cBOOK
980 _aNBR